| 000 | 00616nam a2200193 4500 | ||
|---|---|---|---|
| 001 | 148879 | ||
| 003 | ES-MaACL | ||
| 005 | 20230906202843.0 | ||
| 007 | t| | ||
| 008 | 070214s1935 fr r ||||1| fre d | ||
| 245 | 0 | 0 |
_aSuisse / _cpar L. Boissier... [et al.]. |
| 260 |
_aParis : _bDelagrave, _c1935. |
||
| 300 |
_aXIII, 435 p. ; _c20 cm. |
||
| 490 | 1 |
_aLa vie juridique des peuples : bibliotheque de Droit contemporain ; _v6 |
|
| 700 | 1 |
_aBoissier, L. _929870 |
|
| 830 | 0 |
_aLa vie juridique des peuples : bibliotheque de Droit contemporain ; _v6 _9221050 |
|
| 852 |
_aES-MaACL _jB-13696 |
||
| 999 |
_c148879 _d148879 |
||